|
|
|
|
| LEADER |
00609nam a2200181 a 4500 |
| 001 |
000013277 |
| 003 |
CZ BrMZK |
| 005 |
19941129143423.0 |
| 008 |
940615s1993 gw f ger d |
| 020 |
|
|
|c 40.00
|
| 040 |
|
|
|a BOA001
|b cze
|
| 100 |
1 |
|
|a Koch, Reinhard
|
| 245 |
1 |
0 |
|a Vergleich der freiwilligen Alkoholaufnahme bei normotensiven Sprague-Dawley- und ...
|
| 260 |
|
|
|a Berlin :
|b vl. n.,
|c 1993
|
| 541 |
|
|
|a Berlin, Freie Universität
|
| 910 |
|
|
|a BOA001
|b Mfš-0999.894
|
| 990 |
|
|
|a BK
|
| 996 |
6 |
|
|b 2610009765
|c Mfš-0999.894
|l Stud. periodik/2.patro
|r Sklad / do 1 hodiny
|n 0
|p vým
|w 000013277
|u 000010
|a 1
|e BOA001
|j MZK50
|s P
|